书目信息 |
| 题名: |
并行处理技术
|
|
| 作者: | 徐甲同 , 李学干 编著 | |
| 分册: | ||
| 出版信息: | 西安 西北电子科技大学出版社 1999.05 |
|
| 页数: | 199页 | |
| 开本: | 16开 | |
| 丛书名: | ||
| 单 册: | ||
| 中图分类: | TP27 | |
| 科图分类: | ||
| 主题词: | 自动化系统 | |
| 电子资源: | ||
| ISBN: | 7-5606-0729-2 | |
| 000 | 00597nam0 2200205 45 | |
| 001 | 0012140907 | |
| 005 | 20001214091233.4 | |
| 010 | @a7-5606-0729-2@d14.00元 | |
| 100 | @a20001214d1999 km y0chiy0120 ea | |
| 101 | 0 | @achi |
| 105 | @a z 000yy | |
| 200 | 1 | @a并行处理技术@ABing Xing Chu Li Ji Shu@f徐甲同,李学干编著@FXu Jia Tong,Li Xue Gan Bian Zhu |
| 210 | @a西安@c西北电子科技大学出版社@d1999.05 | |
| 215 | @a199页@d16开 | |
| 606 | 0 | @a自动化系统 |
| 690 | @aTP27@v3 | |
| 701 | 0 | @a徐甲同@4编著 |
| 701 | 0 | @a李学干@4编著 |
| 801 | @aCN@bPftUser@c20001214 | |
| 905 | @b312761-762@dTP27@eX837@f2 | |
| 并行处理技术/徐甲同,李学干编著.-西安:西北电子科技大学出版社,1999.05 |
| 199页;16开 |
| ISBN 7-5606-0729-2:14.00元 |
| ● |
| 相关链接 |
|
|
|
正题名:并行处理技术
索取号:TP27/X837
 
预约/预借
| 序号 | 登录号 | 条形码 | 馆藏地/架位号 | 状态 | 备注 |
| 1 | 312761 | 203127614 | 自科库301/400A自科库 9排1列3层/ [索取号:TP27/X837] | 在馆 | |
| 2 | 312762 | 203127623 | 自科库301/400A自科库 9排1列3层/ [索取号:TP27/X837] | 在馆 |